header

The Pickwick papers (Record no. 11345)

MARC details
000 -LEADER
fixed length control field 01132nam a2200277Ia 4500
100 1# - MAIN ENTRY--AUTHOR NAME
Personal name Dickens, Charles,
245 14 - TITLE STATEMENT
Title The Pickwick papers
260 ## - PUBLICATION, DISTRIBUTION, ETC. (IMPRINT)
Place of publication London :
Name of publisher Electric Book Co.,
Year of publication c2001.
300 ## - PHYSICAL DESCRIPTION
Number of Pages 1112 p.
650 #0 - SUBJECT ADDED ENTRY--TOPICAL TERM
Topical Term Men
856 40 - ELECTRONIC LOCATION AND ACCESS
Uniform Resource Identifier http://site.ebrary.com/lib/rucke/Doc?id=10015075

No items available.

© 2026 Rongo University
Contact us: librarian | system librarian | Rongo university